000 01536cam a22003977a 4500
003 CHAP
005 20220817043229.0
008 971013s1988 it a r 00010 eng d
010 _a69102
011 _a70074
035 _a79554
040 _cCHAP
082 _a636.08
_bF3 v.72
110 _aFAO
245 1 3 _aLa caña de azúcar como pienso = Sugarcane as feed
_c/ by R. Sansoucy, G. Aarts and T.R. Preston
260 _aRome :
_bFAO,
_c1988
300 _a319 p.
_bilus., cuadros, gráfs.
490 0 _aFAO. Producción y sanidad animal
_v; 72
500 _aBilingüe: (ingles, español)
500 _aMemoria de una consulta de expertos de la FAO en Santo Domingo, República Dominicana, 1986.
590 _aBATCH-UPD
_b10
_c20130110
_lUCH01
_h0822
590 _aBATCH-UPD
_b10
_c20130410
_lUCH01
_h0459
590 _aBATCH-UPD
_b10
_c20130914
_lUCH01
_h0838
590 _aCONVERSION
_b10
_c20130109
_lUCH01
_h1338
650 1 4 _aCaña de azúcar como forraje.
_918673
700 0 _aAarts, G.
_9127
700 0 _aPreston, Thomas Reginald.
_991539
700 0 _aSansoucy, R.
_9102249
830 0 _aFAO. Producción y sanidad animal
_v; 72
_939655
901 _aBK
942 _cLIBRO
949 _a633.61 F35y
_bZ
_cLIBRO
_d-7996
_eLIBRO
_h1308
_i79554
_si
949 _a636.08 F3 v.72
_bBC
_cFAO
_d33724002128248
_eFAO2
_fc.3
_gDonaciØn
_h82941
_i79554
_si
949 _a636.08 F3 v.72
_bBC
_cFAO
_d33724002128280
_eFAO2
_fc.2
_gDonaciØn
_h76908
_i79554
_sb
949 _a636.08 F3 v.72
_bBC
_cFAO
_d33724002128322
_eFAO1
_gDonaciØn
_h75747
_i79554
_sb
999 _c69102
_d69102